Most Guessed U.S. State Capitals - Statistics

General Stats
  • This quiz has been taken 51 times
  • The average score is 8 of 10
Answer Stats
Hint Answer % Correct
77% Austin
90%
85% Sacramento
90%
79% Phoenix
83%
75% Albany
81%
78% Boston
81%
78% Atlanta
75%
82% Denver
75%
75% Tallahassee
75%
80% Honolulu
73%
72% Indianapolis
58%
No matching quizzes found
Score Distribution
Percent of People with Each Score
Percentile by Number Answered
Your Score History
You have not taken this quiz